|
|
|
|
| LEADER |
01244nam a2200301 a 4500 |
| 001 |
13848568 |
| 008 |
111031s2006 mdu b 001 0 eng |
| 010 |
|
|
|a 2005001950
|
| 020 |
|
|
|a 0742537005 (cloth : alk. paper)
|
| 020 |
|
|
|a 0742537013 (pbk. : alk. paper)
|
| 040 |
|
|
|a DLC
|c DLC
|d DLC
|d BD-DhAAL
|
| 042 |
|
|
|a pcc
|
| 082 |
0 |
0 |
|a 303.6/6
|2 22
|
| 100 |
1 |
|
|a Barkawi, Tarak.
|
| 245 |
1 |
0 |
|a Globalization and war / Tarak Barkawi.
|
| 260 |
|
|
|a Lanham :
|b Rowman & Littlefield,
|c c2006.
|
| 300 |
|
|
|a xviii, 199 p. ;
|c 24 cm.
|
| 490 |
1 |
|
|a Globalization
|
| 504 |
|
|
|a Includes bibliographical references (p. 173-190) and index.
|
| 541 |
|
|
|e 00023771
|
| 650 |
|
0 |
|a Globalization.
|
| 650 |
|
0 |
|a War.
|
| 650 |
|
0 |
|a International relations.
|
| 830 |
|
0 |
|a Globalization (Lanham, Md.)
|
| 852 |
1 |
|
|a Ayesha Abed Library
|c General shelf.
|
| 999 |
|
|
|c 11366
|d 11366
|
| 952 |
|
|
|0 0
|1 0
|2 ddc
|4 0
|6 303_660000000000000_BAR
|7 0
|9 18474
|a BRACUL
|b BRACUL
|c GEN
|d 2011-10-26
|e karim International
|g 2030.00
|l 6
|m 16
|o 303.66 BAR
|p 3010023771
|r 2024-07-14
|s 2024-05-19
|t 1
|w 2011-11-01
|y BK
|
| 952 |
|
|
|0 0
|1 0
|2 ddc
|4 0
|6 303_660000000000000_BAR
|7 0
|9 18475
|a BRACUL
|b BRACUL
|c GEN
|d 2011-10-26
|e karim International
|g 2030.00
|l 1
|o 303.66 BAR
|p 3010023772
|r 2024-06-04
|s 2024-05-30
|t 2
|w 2011-11-01
|y BK
|